Guide to Singapore and spotlight on Malaya (Record no. 5697)

MARC details
000 -CABECERA
campo de control de longitud fija 00729nam a2200229 a 4500
001 - NÚMERO DE CONTROL
campo de control BRCA_6008
005 - FECHA Y HORA DE LA ÚLTIMA TRANSACCIÓN
campo de control 20190320205310.0
008 - DATOS DE LONGITUD FIJA--INFORMACIÓN GENERAL
campo de control de longitud fija 310311s1955----si-ab#####---#000-0#eng-#
041 ## - CÓDIGO DE LENGUA
Código de lengua del texto/banda sonora o título independiente eng
044 ## - CÓDIGO DEL PAÍS DE LA ENTIDAD EDITORA/PRODUCTORA
Código MARC del país si
050 #4 - SIGNATURA TOPOGRÁFICA DE LA BIBLIOTECA DEL CONGRESO
Número de clasificación DS598 .S7
Número de documento/Ítem .G84 1955
245 10 - MENCIÓN DE TÍTULO
Título Guide to Singapore and spotlight on Malaya
Mención de responsabilidad, etc. editor Aristide J. G. Papineau.
250 ## - MENCIÓN DE EDICIÓN
Mención de edición 8
260 ## - PUBLICACIÓN, DISTRIBUCIÓN, ETC.
Lugar de publicación, distribución, etc. Singapure
Nombre del editor, distribuidor, etc. Papineau Studios
Fecha de publicación, distribución, etc. [1955]
300 ## - DESCRIPCIÓN FÍSICA
Extensión xliii, 192 p.
Otras características físicas il. (algunas a color), mapas
Dimensiones 21 cm.
500 ## - NOTA GENERAL
Nota general G117A
651 #4 - PUNTO DE ACCESO ADICIONAL DE MATERIA--NOMBRE GEOGRÁFICO
Nombre geográfico Singapur
Subdivisión de forma Guías de viajeros
Subdivisión general Descripción y viajes
9 (RLIN) 15175
651 #4 - PUNTO DE ACCESO ADICIONAL DE MATERIA--NOMBRE GEOGRÁFICO
Nombre geográfico Malasia
Subdivisión de forma Guias de viajeros
Subdivisión general Descripción y viajes
9 (RLIN) 15176
700 1# - PUNTO DE ACCESO ADICIONAL--NOMBRE DE PERSONA
Nombre de persona Papineau, Aristide J. G.
Término indicativo de función/relación ed.
9 (RLIN) 15177
902 ## - CATALOGADOR
Iniciales GFM
942 ## - ELEMENTOS DE PUNTO DE ACCESO ADICIONAL (KOHA)
Fuente del sistema de clasificación o colocación Library of Congress Classification
Tipo de ítem Koha Libros
Holdings
Estado de retiro Estado de pérdida Estado dañado No para préstamo Localización permanente Ubicación/localización actual Fecha de adquisición Número de inventario Total de préstamos Signatura topográfica completa Código de barras Fecha visto por última vez Precio válido a partir de Tipo de ítem Koha
El ejemplar forma parte de la colección y puede ser consultado según las políticas vigentes.       Biblioteca del Museo Franz Mayer (Rogerio Casas-Alatriste) Biblioteca del Museo Franz Mayer (Rogerio Casas-Alatriste) 31/03/2011 G117A   DS598 .S7 .G84 1955 (G117A) 6447 22/03/2019 22/03/2019 Libros